Sri Aurobindo to Dilip/ (Record no. 211113)

MARC details
000 -LEADER
fixed length control field 00622nam a22001817a 4500
005 - DATE AND TIME OF LATEST TRANSACTION
control field 20250425121648.0
010 ## - LCCN (DPL NO)
LC control number ENG-144769
020 ## - INTERNATIONAL STANDARD BOOK NUMBER
International Standard Book Number 8185137749(4-volume set), 9788188893386(vol.4)
Terms of availability 220.00
035 ## - SYSTEM CONTROL NUMBER
System control number EN-128301
037 ## - SOURCE OF ACQUISITION
Source of stock number/acquisition DBAD/PUB
082 ## - DEWEY DECIMAL CLASSIFICATION NUMBER
Classification number 181.499
245 ## - TITLE STATEMENT
Title Sri Aurobindo to Dilip/
Statement of responsibility, etc Edited by Shankar Bandyopadhyay
260 ## - PUBLICATION, DISTRIBUTION, ETC. (IMPRINT)
Place of publication, distribution, etc Pune
Name of publisher, distributor, etc Hari Krishna Mandir Trust
Date of publication, distribution, etc 2011
270 ## - ADDRESS
Address Hari Krishna Mandir Road Model Colony
City Pune
Postal code 411016
Electronic mail address harikrishnamandir@gmail.com
300 ## - PHYSICAL DESCRIPTION
Extent 345 p.
Dimensions 22 cm(pbk)
700 ## - ADDED ENTRY--PERSONAL NAME
Personal name Bandyopadhyay Shankar
9 (RLIN) 80874
942 ## - ADDED ENTRY ELEMENTS (KOHA)
Source of classification or shelving scheme Dewey Decimal Classification
Item type English Books
Classification part 181.499
Call number suffix SRI
Holdings
Withdrawn status Lost status Not for loan Collection code Home library Current library Date acquired Source of acquisition Cost, normal purchase price Full call number Barcode Copy number Cost, replacement price Koha item type
      Non-fiction Mobile Library Mobile Library 25/04/2025 DBAD 220.00 181.499 SRI EN-128301 1 220.00 English Books

© Delhi Public Library
Hit Counter
free hit counter